[Event "KEN-chT"]
[Site "Nairobi"]
[Date "2019.02.10"]
[Round "4.5"]
[White "Abur, Lyndah Amollo"]
[Black "Mohideen, Fathima Mohamed"]
[Result "1-0"]
[WhiteElo "1370"]
[BlackElo "1299"]
[PlyCount "87"]
[EventDate "2019.02.09"]
[EventType "team-tourn"]
[EventRounds "27"]
[EventCountry "KEN"]
[SourceTitle "CBM 192 Extra"]
[Source "Chessbase"]
[SourceDate "2019.11.06"]
[SourceVersion "1"]
[SourceVersionDate "2019.11.06"]
[SourceQuality "1"]
[WhiteTeam "Deadly Bishops"]
[BlackTeam "Nacha Kings"]
[WhiteTeamCountry "KEN"]
[BlackTeamCountry "KEN"]

1. e4 Nc6 2. Nf3 g6 3. Bc4 Bg7 4. d3 Na5 5. Bb3 Nf6 6. Nc3 0-0 7. 0-0 Nxb3 8. axb3 d6 9. h3 c6 10. Be3 a6 11. Qd2 e6 12. Bh6 Re8 13. Bxg7 Kxg7 14. Rfe1 e5 15. Ne2 Bd7 16. Ng3 Qc7 17. c3 Rad8 18. c4 d5 19. exd5 cxd5 20. Qc2 Bc6 21. Nd2 d4 22. b4 Qc8 23. Ra5 Nd7 24. Nde4 Nf8 25. Nd2 f6 26. c5 Qb8 27. Nc4 Ne6 28. Nd6 Rf8 29. Qc4 Nf4 30. f3 Nd5 31. Nf1 Nc7 32. Ng3 Bd5 33. Qc2 Bc6 34. Qc4 Nb5 35. Nxb5 axb5 36. Qc2 Qc7 37. Ne4 Bxe4 38. fxe4 b6 39. Rxb5 bxc5 40. bxc5 Rb8 41. Rxb8 Rxb8 42. Rb1 Rb5 43. b3 Kf7 44. Qc4+ 1-0